Quizzes
Events
Quiz Creation
Community
Videos
Private Events
Remove Ads
Sign In
Join for FREE
Feedback
Dark Mode
Quiz Categories
Sports
Geography
Music
Movies
Television
Just For Fun
Miscellaneous
History
Literature
Language
Science
Gaming
Entertainment
Religion
Holiday
For Kids
Quiz Lab
Recent
Popular Today
Quiz Kudos Today
Editor Picks
Curator Picks
Quizzes by...
Day
Popularity
Type
Ratings
Length
Year
Community
Subscriptions
Recent Discussions
Orange Saloon
Badges
Playlists
Quests
Create
Leaderboards
Showdown
Live 5
Trivia Bingo
Activity
Puzzle Library
Sporcle Events
Private Events
Virtual Trivia
Globe League
Become a Host
Pub Owners
SporcleCon
Opinionation
Our Games
Videos
Blog
Mobile Apps
Partnerships
Remove Ads and Go Orange
Feedback
Sports
Athletes
MLB
NBA
NHL
NFL
Soccer
Sports Teams
WWE
NCAA
Football
Premier League
Basketball
Baseball
Hockey
Golf
Tennis
Cricket
Rugby
Auto Racing
Olympics
World Cup
Sports
Athletes
MLB
NBA
NHL
NFL
Soccer
Sports Teams
WWE
NCAA
Football
Premier League
Basketball
Baseball
Hockey
Golf
Tennis
Cricket
Rugby
Auto Racing
Olympics
World Cup
Random Quiz
Search Sporcle
×
Quiz Lab
Quiz Lab
Sports
Cricket
Type in answers that appear in a list
Type in answers that appear in a list
Classic
Best Score? Go Orange.
Most test runs for England Stats
Can you name the top 50 cricketers with the most test runs for England?
By
superlamps
15m
52 Questions
803 Plays
803 Plays
803 Plays
Comments
Comments
Give Quiz Kudos
Give Quiz Kudos
-
- Ratings
hide this ad
Replay
Link that replays current quiz
Next Quiz
Link to next quiz in quiz playlist
You Got
0%
They Got
Avg Score
71%
Avg Friend Score
Upgrade to see
Score Distribution
Jump to the score distribution portion of the page
Score
0/52
Timer
15:00
0
Plays Today
Runs
Cricketer
% Correct
12472
Alastair Cook
99.1%
8900
Graham Gooch
97.1%
8181
Kevin Pietersen
97.1%
7037
Andrew Strauss
95.5%
7727
Ian Bell
95.1%
8231
David Gower
94.9%
8463
Alec Stewart
94.4%
7728
Mike Atherton
94.4%
11468
Joe Root
93.3%
8114
Geoff Boycott
92%
5764
Nasser Hussain
90.2%
6744
Graham Thorpe
87.2%
7624
Colin Cowdrey
85.3%
5410
Jack Hobbs
85.3%
5825
Marcus Trescothick
85.1%
5200
Ian Botham
84.9%
5807
Denis Compton
83.6%
6971
Len Hutton
82.9%
5719
Michael Vaughan
81.3%
3835
Jonathon Trott
80.9%
4236
Robin Smith
80.8%
7249
Wally Hammond
80.4%
2404
Zak Crawley
80%
3795
Andrew Flintoff
80%
4099
Matthew Prior
79.8%
3383
Graeme Hick
78.3%
Runs
Cricketer
% Correct
4409
Mike Gatting
78%
3662
Stuart Broad
77.7%
4259
Paul Collingwood
77.6%
2907
Jos Buttler
74.3%
4656
Allan Lamb
74.2%
4288
Mark Butcher
74.1%
4389
Alan Knott
73.6%
6806
Ken Barrington
72.9%
2379
Ollie Pope
70%
4502
Ted Dexter
66.6%
5138
John Edrich
65.5%
4555
Herbert Sutcliffe
65.3%
3094
Moeen Ali
65%
6251
Ben Stokes
64.6%
4537
Peter May
64%
3612
Dennis Amiss
63.4%
4882
Tom Graveney
62.9%
5902
Jonny Bairstow
62.9%
3599
Tony Greig
58.5%
2470
Derek Randall
49.4%
3272
Keith Fletcher
43.8%
2484
Basil D'Oliveira
42.6%
3525
Patsy Hendren
41.8%
3283
Frank Woolley
38.1%
2764
Maurice Leyland
37.4%
2569
Cyril Washbrook
36.7%
Quiz Playlist
Details
Report
Send in Message
Add To Playlist
Classic:
Type in answers that appear in a list
Last Updated: Feb 5, 2024
Quiz Scoreboard
CHALLENGE
Sign Up to Join the Scoreboard
Show All
Scores
Hide
Comments
May contain spoilers
Recently Published
1-10 Letter E Words III
by El_Dandy
Language
2m
One Thing in Common: World Cities II
by knightlancer
Geography
7m
Popular People in 1961
by mucciniale
History
6m
More to Explore
Quiz From the Vault
Featured Blog Post
Where Did the Easter Bunny Come From?
hide this ad
You Might Also Like...
Tags
Cricket Quiz
England
England Cricket
run
test
Test Cricket
Today's Top Quizzes in Sports
Browse Sports
hide this ad
Today's Top Quizzes in Cricket
Browse Cricket
Top Contributed Quizzes in Sports
1
2022 World Cup Stars
2
Les entraîneurs de l'OM et du PSG au 21e siècle
3
FIFA Club World Cup Champions
4
MLB Players with Two .350 Batting Average Seasons
5
Criteria MLB: Left Handed Sluggers
6
Les meilleurs buteurs des matchs entre le PSG et l’OM
7
MLB Hall of Famer by Rings
8
Name the Premier League winners with different clubs
9
NFL Resumes by Logo: Quarterbacks
10
Pitchers With Multiple No-Hitters
Explore More
Trending Topics
Disney
Marvel
Kpop
Crossword
Anime
NBA
Harry Potter
Country
Soccer
The Office
NFL
Pokémon
WWE
Puzzle
Song
hide this ad
More By:
superlamps
Quiz
Plays
Rating
Category
Featured
Created
England Test Cricket Debuts Since 1960
7,485
5.00
Sports
May 19, 2018
Most Test Hundreds In Career
1,852
5.00
Sports
Jan 10, 2018
ODI Most Runs
1,584
4.33
Sports
Jun 29, 2016
Most ODI wickets
1,300
5.00
Sports
Aug 15, 2017
Most ODI wickets for England
1,041
5.00
Sports
Sep 1, 2016
Go to Creator's Profile
Score Distribution
Quiz Creator Spotlight
superlamps
Follow
Send a Message
Quizzes Created
-
Created Quiz Play Count
-
More By This Creator
Popular Quizzes Today
1
Find the US States - No Outlines Minefield
2
Popular People in 1961
3
The Countries of the World
4
1-10 Letter E Words III
5
Find the US States
6
Find the Countries of Europe - No Outlines Minefield
7
US States
8
One Thing in Common: World Cities II
More Sports Quizzes
Name the City by Football Clubs
Editor's Pick
Trending Quizzes
1-10 Letter F Words
1-10 Letter G Words
Risky Map Clicking: States by Unique Starting Letters
1-10 Letter F Words II
Risky Map Clicking: Next State Alphabetically
Recently Updated
Reality TV Shows (A-Z)
bhenderson79
Rickey Henderson's Hall of Fame Teammates
pecheneg
Champions League XIs: Arsenal
pecheneg
Quick Pick: Celebrities in WWE's Hall of Fame
aduchscher
A-Z Keypad Blitz II
pecheneg
Multiple Oscar Actors
pecheneg
Mystery Phrase Blitz: Oscar 'Best Actors'
pecheneg
F. Scott Fitzgerald Novels
LTH
Pick 3 Villains
ddd62291
This, But Not That XII
gazzso
Trending Topics
Crossword
Kpop
Marvel
NBA
Disney
Anime
Harry Potter
Song
NFL
The Office
Pokémon
Country
Soccer
Puzzle
WWE
Your Account Isn't Verified!
In order to create a playlist on Sporcle, you need to verify the email address you used during registration. Go to your
Sporcle Settings
to finish the process.
Report this User
Report this user for behavior that violates our
Community Guidelines
.
Details:
Send Report
Go to the Sporcle.com Mobile Site →
Comments